Statistics for Cities by clues: Italy

Click here to take the quiz!

General Stats

  • This quiz has been taken 67 times
  • The average score is 10 of 20

Answer Stats

HintAnswer% Correct
Cristopher Columbus, House of Grimaldi, Piazza de FerrariGenoa
87%
Palazzo dei Normanni, Palazzo della Zisa, Arab-Norman, mafiaPalermo
85%
Galileo Galilei, Fibonacci, the leaning towerPisa
82%
Alfa Romeo HQ, Lavazza coffee, del Piero 1993-2012Turin
79%
two Shakespeare's plays, arena, Ponte PietraVerona
79%
Two Towers, oldest university in the world, pasta sauce, sausageBologna
77%
Illyrian settlement, Central Europe south of the Alps, YugoslaviaTrieste
67%
Palio (horse race), founded by 2 sons of Remus, UNESCO centerSiena
52%
Tuvixeddu necropolis, Church of Saint Lucifer, Sardegna ArenaCagliari
51%
cheese and ham named after, Tomb of Niccolò PaganiniParma
49%
Aragon Castle, most polluted city in Italy, Quentin ___ (Pulp Fiction)Taranto
43%
~25% German speaking, Ötzi the Iceman, Runkelstein CastleBolzano
39%
____ Valley, Xavier de Maistre, Great St Bernard routeAosta
36%
House of Malatesta, beaches, gateway to San Marino?Rimini
36%
The Iron Crown of Lombardy, Italian Grand Prix, River LambroMonza
34%
historical capital of Friuli, between the Alps and Adriatic SeaUdine
34%
Sant'Oronzo Square Roman amphitheatre, "Florence of the South", LupiaeLecce
21%
Arch of Trajan, established by Greeks, Judas CyriacusAncona
13%
Bergamo Alps, Valsassina valley, Lake Como, Innocents Abroad (Twain)Lecco
8%
Villas d'Este, Adriana and Gregoriana, Temple of VestaTivoli
3%

Score Distribution

Percentile by Number Answered

Percent of People with Each Score

Your Score History

You have not taken this quiz